| 000 | 02106cam a22001694a 4500 | ||
|---|---|---|---|
| 005 | 20250605164037.0 | ||
| 008 | 250528s ||||||||||||||||||||||||d | ||
| 035 | _a16842 | ||
| 040 |
_aGR-AtMCL _bgre _dGR-AtMCL _eAACR2 |
||
| 245 | 1 | _aΙωάννου του Χρυσοστόμου Εκλογαί και Απανθίσματα / Ήτοι Λόγοι Απαρτισθέντες Εκ Διαφόρων Ομιλιών του Εν Αγίοις Πατρός Ημών Ιωάννου Αρχιεπισκόπου Κωνσταντινουπόλεως του Χρυσοστόμου | |
| 300 | _a600 | ||
| 520 | _aΠερί Αγάπης, Περί Προσευχής, Περί Μετάνοιας, Περί Νηστείας και Σωφροσύνης, Περί Ευτυχία και Δυστυχίας, Περί Διδαχής και Νουθεσίας, Περί Ταπεινοφροσύνησης, Περί Ψυχής, Περί Πρόνοιας, Περί Πλούτου και Πενίας, Περί Λαιμαργίας και Μέθης, Περί Ασθενείας και Ιατρών, Περί Γυναικών και Κάλλους, Περί Πλεονεξίας, Περί Αλαζονείας και Κενοδοξίας, Περί Φθόνου, Περί Μίσους και Έχθρας, Περί Λύπης και Αθυμίας, Περί Οργής και Θυμού, Περί Αρχής και Εξουσίας και Δόξης, Περί Υπομονής και Μακροθυμίας, Περί Ελεημοσύνης και Φιλοξενίας, Περί Αμαρίας και Εξαγορεύσεως, Περί της Μελλούσης Κρίσεως, Περί Αρετής και Κακίας, Περί Παίδων Ανατροφής, Περί Όρκων, Περί Ακακίας και Ανεξικακίας και Αμνησικακίας, Περί Θανάτου, Περί Ανδρείας και Ισχύος, Περί Μετανοίας, Περί Σιωπής και Απορρήτων. | ||
| 700 | 1 |
_aΜπακόπουλος Ηλίας _92928 |
|
| 942 | _cBK | ||
| 999 |
_c2296 _d2296 |
||